MARC details
| 000 -LEADER |
| campo de control de longitud fija |
01288nas a2200349 i 4500 |
| 001 - NÚMERO DE CONTROL |
| campo de control |
2601 |
| 003 - IDENTIFICADOR DE NÚMERO DE CONTROL |
| campo de control |
ES-MaACL |
| 005 - FECHA Y HORA DE LA ÚLTIMA TRANSACCIÓN |
| campo de control |
20250724062606.0 |
| 007 - CAMPO FIJO DE DESCRIPCIÓN FÍSICA--INFORMACIÓN GENERAL |
| campo de control de longitud fija |
t| |
| 008 - DATOS DE LONGITUD FIJA--INFORMACIÓN GENERAL |
| campo de control de longitud fija |
950801d18511895fr a| | ||re d |
| 022 ## - NÚMERO INTERNACIONAL NORMALIZADO PARA PUBLICACIONES SERIADAS |
| Número Internacional Normalizado para Publicaciones Seriadas |
2020-6518 |
| 080 ## - NÚMERO DE LA CLASIFICACIÓN DECIMAL UNIVERSAL |
| Número de la Clasificación Decimal Universal |
008 |
| 080 ## - NÚMERO DE LA CLASIFICACIÓN DECIMAL UNIVERSAL |
| Número de la Clasificación Decimal Universal |
(059)(44) |
| 245 00 - MENCIÓN DEL TÍTULO |
| Título |
Almanach du Magasin pittoresque |
| 260 ## - PUBLICACIÓN, DISTRIBUCIÓN, ETC. |
| Lugar de publicación, distribución, etc. |
Paris : |
| Nombre del editor, distribuidor, etc. |
Typ. de J. Best, |
| Fecha de publicación, distribución, etc. |
[1851-1895] |
| 300 ## - DESCRIPCIÓN FÍSICA |
| Extensión |
v : |
| Otras características físicas |
ilustraciones ; |
| Dimensiones |
22 cm. |
| 310 ## - PERIODICIDAD ACTUAL |
| Periodicidad actual |
Anual |
| 362 1# - FECHAS DE PUBLICACIÓN Y/O DESIGNACIÓN SECUENCIAL |
| Fecha de publicación y/o designación secuencial |
Comenzó en 1851 |
| 362 1# - FECHAS DE PUBLICACIÓN Y/O DESIGNACIÓN SECUENCIAL |
| Fecha de publicación y/o designación secuencial |
Cesó en 1872? |
| 500 ## - NOTA GENERAL |
| Nota general |
A partir de 1881 lo edita Typographie du Magasin pittoresque. |
| 530 ## - NOTA DISPONIBLE DE FORMULARIO FÍSICO ADICIONAL |
| Nota de formato físico adicional disponible |
Disponible en formato digital vol. de 1855 a 1870 |
| 650 #7 - PUNTO DE ACCESO ADICIONAL DE MATERIA--TÉRMINO DE MATERIA |
| Término de materia o nombre geográfico como elemento de entrada |
Cultura |
| Fuente del encabezamiento o término |
embne |
| 9 (RLIN) |
170963 |
| 655 #0 - TERMINO DE INDIZACIÓN--GENERO/FORMA |
| Datos o término principal de género/forma |
Almanaques |
| 9 (RLIN) |
241262 |
| 852 4# - LOCALIZACIÓN |
| Ubicación |
ES-MaACL |
| Ubicación en estantería |
Depósito folletos |
| Número de control de estantería |
Fol-Laf-437 |
| Designación de la unidad física |
(Año 1868) |
| 852 ## - LOCALIZACIÓN |
| Ubicación |
ES-MaACL |
| Ubicación en estantería |
Depósito folletos |
| Donativo/Legado |
Donativo Haes |
| Número de control de estantería |
T-214-F-1-3 |
| Designación de la unidad física |
(Año 1861, 1865, 1866) |
| Encuadernación |
En lomo: Haes |
| 852 ## - LOCALIZACIÓN |
| Ubicación |
ES-MaACL |
| Ubicación en estantería |
Depósito folletos |
| Número de control de estantería |
Fol-Laf-322-30 |
| Designación de la unidad física |
(Años 1858, 1871, 1873-75, 1879-83) |
| 856 ## - LOCALIZACIÓN Y ACCESO ELECTRÓNICOS |
| Identificador Uniforme de Recursos |
<a href="https://gallica.bnf.fr/ark:/12148/cb32688743g/date">https://gallica.bnf.fr/ark:/12148/cb32688743g/date</a> |
| Texto de enlace |
Versión en línea: 1855-70 |
| Nota pública |
(Gallica. Bibliothèque nationale de France) |
| 866 #0 - MENCIÓN TEXTUAL DE FONDOS--UNIDAD BIBLIOGRÁFICA BÁSICA |
| Fondos |
1858,1861,1865-66,1868,1871,1873-75,1879-83. |
| 942 ## - ELEMENTOS DE ENTRADA SECUNDARIOS (KOHA) |
| Fuente del sistema de clasificación o colocación |
Clasificación decimal universal |
| Tipo de ítem Koha |
Revista |
| Suprimir en OPAC |
No |